Geboren in Linz - Statistiken

Allgemein
  • Dieses Quiz wurde 41 mal gespielt
    12 seit der letzten Aktualisierung
  • Das Durchschnittsergebnis liegt bei 4 aus 17
Antwortstatistiken
Hinweis Antwort % Korrekt
Popsängerin, "Ich lebe" "Millionen Lichter" 1982 Christina Stürmer
82%
deutscher Fernsehmoderator und Erfinder von "Wetten, dass...?" 1942 Frank Elstner
45%
ÖVP-Politiker und Landeshauptmann von Oberösterreich seit 2017 1967 Thomas Stelzer
45%
Fußballnationaltorwart, Royale Union Saint-Gilloise 1990 Heinz Lindner
36%
kroatischer Nationalspieler, Manchester City 1994 Mateo Kovacic
36%
Skispringer, mit Hai auf dem Helm als Markenzeichen 1991 Michael Hayböck
36%
Fußballnationalspieler, Red Bull Salzburg 1985 Andreas Ulmer
27%
Fußballnationalspieler, Feyenoord Rotterdam 1992 Gernot Trauner
27%
VF und ÖVP-Politiker und Landeshauptmann von Oberösterreich von 1934 bis 1938 und erneut von 1945 bis 1971 1893 Heinrich Gleißner
18%
kroatischer Nationalspieler, RB Salzburg 2002 Luka Sucic
18%
Skirennläufer, Weltmeister in den Disziplinen Super G und Abfahrt 1991 Vincent Kriechmayr
18%
Moderator und Journalist für Zeit im Bild 1972 Tarek Leitner
9%
Schlagersängerin, "Knallrotes Gummiboot" "...ich bin viel schöner" 1980 Antonia aus Tirol
0%
Schauspielerin, "Das Parfüm" "Schachnovelle" 1977 Birgit Minichmayr
0%
aus einer Adelsfamilie stammender Sportkommentator für Sky 1950 Fritz von Thurn und Taxis
0%
Milliardär, Inhaber eines Schifffahrtsimperium in Hongkong und viertreichster Österreicher 1939 Helmut Sohmen
0%
Aufsichtsratvorsitzender der Deutschen Bank und Bestverdiener im Deutschen Aktienindex 1956 Paul Achleitner
0%
Keine übereinstimmenden Quizze gefunden
Verteilung der Resultate
Anzahl Personen mit jedem Resultat
Perzentil nach korrekt beantworteten Fragen
Ihre Resultats-Entwicklung
Sie haben dieses Quiz seit der letzten Aktualisierung nicht gespielt